000
003290000a22001450004500
003
MACL
040
_a
MACL
090
_c
49112
_d
49110
100
_a
Bangia]J.D.
245
_a
Madhya pradesh Reorganisation Act, 2000
260
_a
Bhopal
_b
Suvidha Law House Pvt. Ltd.
_c
2005
350
_a
40
650
_a
Law
942
_c
BOOK
_k
340
999
_c
48591
_d
48591